000 00801nam a2200229 i 4500
001 130564
003 ES-MaACL
005 20230906193756.0
007 t|
008 070801s1901 fr ||||1| fre d
080 _a282(038)
080 _a373(038)
100 1 _aGay, Teofilo.
_956112
245 1 0 _aArsenal antipapal
_b: dictionnaire des hérésies, impostures & idolâtries de l'église romaine /
_cTeofilo Gay ; traduit de l'italien par Léa-Gay-Humbert.
260 _a[Francia] :
_bChez Tous Les Libraires,
_c1901.
300 _a232 p. ;
_c15 cm.
500 _aBiblioteca Jacinto Martínez Lacalle.
610 2 4 _aIglesia Católica-
_xDiccionarios.
_9140937
650 1 4 _aHerejías-
_vDiccionarios.
_9139349
700 1 _aGay-Humbert, Léa.
_956119
852 _aES-MaACL
_jE-11879
_bR.139844
999 _c130564
_d130564